| 000 | 00652nam a22001817a 4500 | ||
|---|---|---|---|
| 003 | BD-DhUL | ||
| 005 | 20180529111344.0 | ||
| 008 | 180529s1972 bg |||| |||| 000 0 ben d | ||
| 040 |
_aBD-DhUL _cBD-DhUL |
||
| 082 |
_a891.444008 _bKHL |
||
| 100 | 1 | _aখালেক, আবদুল | |
| 245 |
_aলেখা সংগ্রহ / _cআবদুল খালেক |
||
| 260 |
_aঢাকা : _bআবদুল খালেক, _c১৯৭২। |
||
| 300 |
_a[৬], ২০৫ পৃ. ; _c২২ সেমি। |
||
| 650 | 0 |
_aবাংলা রচনাবলী _xসংগ্রহ। |
|
| 650 | 0 |
_aBengali Essayes _xcollection. |
|
| 942 |
_2ddc _cBK |
||
| 999 |
_c241694 _d241694 |
||